La detente y el sistema internacional: consideraciones preliminares
Guardat en:
| Autor principal: | |
|---|---|
| Altres autors: | |
| Format: | Llibre |
| Idioma: | espanyol |
| Publicat: |
Santiago
Universidad de Chile
1975
|
| Col·lecció: | Publicaciones Especiales, 6
|
| Matèries: | |
| Etiquetes: |
Afegir etiqueta
Sense etiquetes, Sigues el primer a etiquetar aquest registre!
|
MARC
| LEADER | 00000nam a2200000 a 4500 | ||
|---|---|---|---|
| 001 | UCT7076 | ||
| 003 | CL-VaPUC | ||
| 008 | 970116e19750000CL |||||||||||||||||spa|d | ||
| 082 | 0 | 4 | |a 327.16 |b SAN |2 21 |
| 100 | 0 | |a Sánchez González, Walter |e author |9 377701 | |
| 700 | |a Muñoz Valenzuela, Heraldo |e autor |9 455672 | ||
| 245 | 1 | 3 | |a La detente y el sistema internacional: consideraciones preliminares |
| 300 | |a 28 p | ||
| 942 | |c BK | ||
| 945 | |d 19970116 00:00:00 |a paguirre | ||
| 260 | |a Santiago |b Universidad de Chile |c 1975 | ||
| 650 | 0 | |a Guerra Fría |9 319648 | |
| 650 | 0 | |a Comunismo |9 255588 | |
| 650 | 0 | |a Relaciones Internacionales |9 255740 | |
| 650 | 0 | |a Política internacional |9 255813 | |
| 650 | 0 | |a Guerra |9 255876 | |
| 650 | 7 | |a PAISES NO ALINEADOS |2 CL-VaPUC |9 377703 | |
| 583 | |a last modification |c 19970116 00:00:00 |k Rodrigo Vera | ||
| 490 | 0 | |a Publicaciones Especiales, 6 | |
| 999 | |c 255737 |d 255735 | ||
| 952 | |0 0 |1 0 |4 0 |6 327_160000000000000_SAN_1975 |7 0 |8 A |9 278129 |a BIBDER |b BIBDER |d 2019-11-19 |i 1805959 |o 327.16 SAN 1975 |p 1805959 |r 2023-01-25 |w 2019-11-19 |y BK |k DER | ||